Statistics for management and economics / (Record no. 227)

MARC details
000 -LEADER
fixed length control field 01307pam a2200253 i 4500
001 - CONTROL NUMBER
control field 2248463
005 - DATE AND TIME OF LATEST TRANSACTION
control field 20210414113855.0
008 - FIXED-LENGTH DATA ELEMENTS--GENERAL INFORMATION
fixed length control field 770609s1978 maua b 001 0 eng
010 ## - LIBRARY OF CONGRESS CONTROL NUMBER
LC control number
020 ## - INTERNATIONAL STANDARD BOOK NUMBER
International Standard Book Number 0878721428
040 ## - CATALOGING SOURCE
Original cataloging agency DLC
Transcribing agency DLC
Modifying agency DLC
050 00 - LIBRARY OF CONGRESS CALL NUMBER
Classification number HA29.M533
100 1# - MAIN ENTRY--PERSONAL NAME
Personal name Mendenhall, William.
245 10 - TITLE STATEMENT
Title Statistics for management and economics /
Statement of responsibility, etc. William Mendenhall, James E. Reinmuth.
250 ## - EDITION STATEMENT
Edition statement 3d ed.
260 ## - PUBLICATION, DISTRIBUTION, ETC.
Place of publication, distribution, etc. Massachusetts:
Name of publisher, distributor, etc. Duxbury Press,
Date of publication, distribution, etc. c1978.
300 ## - PHYSICAL DESCRIPTION
Extent x, 789 p. :
Other physical details ill. ;
Dimensions 24 cm.
504 ## - BIBLIOGRAPHY, ETC. NOTE
Bibliography, etc. note Includes bibliographical references and index.
505 ## - FORMATTED CONTENTS NOTE
Formatted contents note Contents: What is statistics -- Useful mathematical notation -- Describing sets of measurements -- Probability -- Random variables and probability distributions -- Three useful discrete probability distributions -- The Normal probability distribution -- Large-sample statistical inference -- Inferences from small samples -- Decisions analysis -- Linear regression and correlation -- Multiple regression -- The Analysis of variance -- Elements of time series analysis -- Forecasting models -- Survey sampling -- Analysis of enumerative data -- Nonparametric statistics.
650 #0 - SUBJECT ADDED ENTRY--TOPICAL TERM
Topical term or geographic name entry element Statistics.
700 1# - ADDED ENTRY--PERSONAL NAME
Personal name Reinmuth, James E.,
906 ## - LOCAL DATA ELEMENT F, LDF (RLIN)
a 7
b cbc
c orignew
d 1
e ocip
f 19
g y-gencatlg
942 ## - ADDED ENTRY ELEMENTS (KOHA)
Source of classification or shelving scheme Library of Congress Classification
Koha item type Books
Holdings
Withdrawn status Lost status Source of classification or shelving scheme Damaged status Not for loan Home library Current library Shelving location Date acquired Total Checkouts Full call number Barcode Date last seen Price effective from Koha item type
    Library of Congress Classification     WISCONSIN INTERNATIONAL UNIVERSITY COLLEGE, GHANA - MAIN LIBRARY WISCONSIN INTERNATIONAL UNIVERSITY COLLEGE, GHANA - MAIN LIBRARY General Stacks 02/11/2011   HA29.M533 597/11 02/11/2011 02/11/2011 Books

If you have any concerns or questions; kindly contact the library


© Powered by WIUC ICT DIRECTORATE